000 00875cam a2200217 4500
008 090401t1995 xxu||||| |||| 00| 0 eng d
020 _a0113306733
035 _a(Sirsi) u44231
041 _aeng
050 _a333.70285
_c18
110 _aCCTA
_91635
245 _aMaking geographic information systems work for your business
260 _aLondon
_bHMSO
_c1995
300 _a102p.
_c26cm.
350 _a40
490 _aCCTA Information Management Library
520 _aProvides guidance to assist organisations assess the importance of GIS to their business and to ensure that relevant GIS technologies are incorporated in their IT strategy. Also advises on successful GIS procurement and implementation.
690 _aENVIRONMENTAL AND LAND CONSULTANCY-GEOMATICS-GEOGRAPHIC INFORMATION SCIENCE-GEOGRAPHIC INFORMATION SYSTEMS
942 _n0
948 _c04/03/1997
999 _c91463
_d91463